| 000 | 01279cad a22002415a 4500 | ||
|---|---|---|---|
| 001 | L150142 | ||
| 008 | 100318s2010 xxkd f s 000 0 eng d | ||
| 035 | _a(Sirsi) u150142 | ||
| 041 | 0 | _aeng | |
| 050 | 0 | 4 | _a333.33 $2 18 |
| 110 | 2 |
_aColliers CRE _95075 |
|
| 245 | 0 | 0 |
_aProperty snapshot _bMarch 2010 _h[electronic resource] |
| 260 |
_aLondon _bColliers _c2010 |
||
| 490 | 0 |
_aProperty Snapshot _vMarch 2010 |
|
| 520 | _aFinancial sector weakness is restraining economic recovery. Competition for prime property has led some funds to look at good secondary property with short lease and asset management opportunities. Retailers continue to struggle although leasing markets may be firming slightly. City office demand remains strong with £50+ psf deals imminent with West End competition for prime space returning. | ||
| 590 | _aKA | ||
| 650 | 2 | 4 | _aCOLLIERS PROPERTY SNAPSHOT |
| 651 | 4 |
_aUnited Kingdom _y |
|
| 690 | _aPROPERTY-COMMERCIAL PROPERTY-COMMERCIAL PROPERTY MARKET | ||
| 690 | _aPROPERTY-COMMERCIAL PROPERTY-COMMERCIAL PROPERTY FINANCE AND INVESTMENT | ||
| 856 | 4 | 0 |
_uhttps://www.colliers.com/Markets/UK/content/MarketReports/MarketOverviewReports/rese_propertySnapshot_0310.pdf _zView this report free of charge (PDF file) at www.colliers.com... |
| 942 | _n0 | ||
| 999 |
_c110750 _d110750 |
||